1059 1814 1237 1591 1104 1940 1271 1935 1356 1684 1502 1287 1231 1920 1471 1280 1347 1200 1180 1784 1307 1341 1946 1435 1315 1895 1973 1060 1500 1049 1304 1502 1422 1234 1493 1889 1742 1379 1505 1989 1933 1639 1065 1108 1678 1536 1487 1633 1740 1513 1887 1033 1631 1315 1226 1957 1187 1063 1293 1818 1330 1954 1391 1728 1455 1363 1642 1970 1809 1408 1590 1193 1960 1030 1428 1224 1201 1576 1765 1724 1545 1562 1483 1460 1817 1327 1233 1183 1776 1446 1061 1963 1848 1856 1843 1834 1666 1575 1926 BCNSPRNW ULIB Ver.6.0+V

เปลี่ยนเป็นภาษาไทย

Change to English
 แสดงรายละเอียดบรรณานุกรม
  กลับหน้าหลัก

Brief Record : Get Marc (ISO 2709) : E-mail record : QR code < ปิดหน้าต่าง
LEADER : 00000nam 2200000uu 4500
001    13399111904
003     ULIB
008    110712s2552||||th 000 0 tha d
024    9786160600663
090    นว.^bR111C 2552
100 0  Rose Quartz
245 00 Champpion s story บุพเพรักกิ๊กกั๊กหัวใจ/cRose Quartz
260    กรุงเทพฯ:^bแจ่มใส,^c2552
300    204 หน้า.
945    ^p149^l0^i026772
995    เกษร
999 ^a ใช้งานได้ทุกระบบ
รายการนี้ยังไม่มีแท็ก
คุณยังไม่ได้ล็อกอิน คุณสามารถมีกิจกรรมร่วมกับเว็บไซต์ได้ แต่ต้องล็อกอินก่อน ::
  ล็อกอิน

รายการสื่อสารสนเทศ

ลำดับที่ ประเภท เลขเรียก/บาร์โค้ด สถานที่ สถานะ
1. นวนิยาย
นวนิยาย
นว. R111C 2552  
  Barcode: 026772
ห้องสมุดวิทยาเขตสวรรค์ประชารักษ์
►นวนิยาย
บนชั้น
  ขอยืม

BibComment


ยังไม่เคยถูกคอมเมนท์

คอมเมนท์ทรัพยากรรายการนี้
  คอมเมนท์: Champpion s story..


 Copyright 2026. Bcnsprnw @Library